Normal view
MARC view
- الاحداث التاريخية-الدولة البويهية 1055-932-التاريخ الاسلامي
Entry Topical Term
001 - CONTROL NUMBER
- control field: 62738
003 - CONTROL NUMBER IDENTIFIER
- control field: JO-AjAnu
005 - DATE AND TIME OF LATEST TRANSACTION
- control field: 20230606084239.0
008 - FIXED-LENGTH DATA ELEMENTS
- fixed length control field: 230606|| aca||aabn | a|a d
040 ## - CATALOGING SOURCE
- Original cataloging agency: JO-AjAnu
- Transcribing agency: JO-AjAnu
150 ## - HEADING--TOPICAL TERM
- Topical term or geographic name entry element: الاحداث التاريخية-الدولة البويهية 1055-932-التاريخ الاسلامي
670 ## - SOURCE DATA FOUND
- Source citation: Work cat.: (JO-AjAnu)31991: الجابري، سلام علي مزعل, author 62737, دراسات في التاريخ البويهي